000 00346nam a2200145 i 4500
001 bg
100 1 _aWasiunyk, Piotr.
245 0 _aKuźnictwo i prasownictwo /
_cP. Wasiunyk, J. Jarocki.
260 _aWarszawa,
_c1977.
700 1 _aJarocki, Jan.
040 _cBPK
041 _apol
942 _cKS
008 s pl f |000 0 pol
999 _c1105
_d1105
856 _uhttp://koha.tu.koszalin.pl/cgi-bin/koha/opac-detail.pl?biblionumber=1105
_yKatalog online BPK